Tragedia con rostro humano /

Gespeichert in:
Bibliographische Detailangaben
1. Verfasser: Marín González, Rocío
Format: Text
Tags: Tag hinzufügen
Keine Tags, Fügen Sie den ersten Tag hinzu!

MARC

LEADER 00000 a a2200000 04500
001 41341
003
040
100 |a Marín González, Rocío  
245 |a Tragedia con rostro humano /  |c Rocío Marín González  
773 |g página 6  
999 |c 26165  |d 26165